=LDR 00000nam 2200000 4500 =001 INLIS000000000036941 =005 20130612142709 =008 ***********************************Ind** =035 ##$$0010-061300000036941 =041 ##$$a Ind =082 ##$$a 372.3 =090 ##$$a 372.3, Far b =100 ##$$a Farida, Nur =245 ##$$a Bad and good habid kebiasaan untuk tetap sehat, Nur Farida =260 ##$$a 2004 $b jakarta =300 ##$$a 181 hlm, ilus, 30 cm =650 ##$$a Pendidikan dasar-kesehatan =850 ##$$a NBPNMAT